[Event "XV C.to Mondiale Seniores Over 50"]
[Site "Acqui Terme ITA"]
[Date "2015.11.14"]
[Round "5"]
[White "Efimov, Igor"]
[Black "Vepkhvishvili, Varlam"]
[WhiteElo "2408"]
[BlackElo "2106"]
[Result "1/2-1/2"]
[PlyCount "33"]
[EventDate "2015.11.10"]

1. e4 c5 2. Nf3 Nc6 3. d4 cxd4 4. Nxd4 d6 5. c4 Nf6 6. Nc3 g6 7. Be2 Bg7 8. Be3
O-O 9. O-O Bd7 10. f3 Rc8 11. Qd2 a6 12. Rac1 Nxd4 13. Bxd4 Bc6 14. Rfd1 Nd7
15. Be3 Nc5 16. b3 f5 17. a3 1/2-1/2

[Event "XV C.to Mondiale Seniores Over 50"]
[Site "Acqui Terme ITA"]
[Date "2015.11.14"]
[Round "5"]
[White "Garcia Palermo, Carlos"]
[Black "Bagaturov, Giorgi"]
[WhiteElo "2446"]
[BlackElo "2397"]
[Result "1/2-1/2"]
[PlyCount "120"]
[EventDate "2015.11.10"]

1. b3 e5 2. Bb2 Nc6 3. e3 d6 4. d4 exd4 5. exd4 d5 6. Nc3 Nf6 7. Qd2 Bb4 8. f3
Qe7+ 9. Nge2 O-O 10. a3 Bd6 11. Nb5 a6 12. Nxd6 Qxd6 13. Qf4 Qe7 14. g4 Re8 15.
O-O-O b5 16. Ng3 Qd8 17. Bd3 Nd7 18. Rde1 Rxe1+ 19. Rxe1 Nf8 20. g5 Bh3 21. Qe3
Qd6 22. f4 Bd7 23. Nf5 Bxf5 24. Bxf5 Ng6 25. Rf1 Kf8 26. Bd3 Re8 27. Qg3 Kg8
28. f5 Qxg3 29. hxg3 Nf8 30. Kd2 Nd7 31. c4 bxc4 32. bxc4 dxc4 33. Bxc4 Rd8 34.
Ke3 Rb8 35. Ba1 Nb6 36. Ba2 Ne7 37. Kd3 Ned5 38. Re1 g6 39. fxg6 hxg6 40. Bc3
Nxc3 41. Kxc3 Na4+ 42. Kc4 Rb5 43. Re7 Rxg5 44. Kb4 Nb6 45. Rxf7 Nd5+ 46. Bxd5
Rxd5 47. Rxc7 Rxd4+ 48. Ka5 Rd3 49. a4 Rxg3 50. Kxa6 Kf8 51. a5 Ke8 52. Rc6 Ra3
53. Rxg6 Kd7 54. Kb6 Rb3+ 55. Ka7 Kc7 56. Rb6 Ra3 57. a6 Ra1 58. Rb7+ Kc8 59.
Rb5 Rc1 60. Kb6 Kb8 1/2-1/2

[Event "XV C.to Mondiale Seniores Over 50"]
[Site "Acqui Terme ITA"]
[Date "2015.11.14"]
[Round "5"]
[White "Habibi, Ali"]
[Black "Julia, Ernesto"]
[WhiteElo "2255"]
[BlackElo "2356"]
[Result "1/2-1/2"]
[PlyCount "88"]
[EventDate "2015.11.10"]

1. Nf3 d5 2. c4 c6 3. Qc2 Nf6 4. g3 g6 5. b3 Bg7 6. Bb2 O-O 7. Bg2 b6 8. O-O
Bb7 9. d3 c5 10. Nbd2 Nc6 11. a3 Rc8 12. Rac1 d4 13. Qb1 Qc7 14. b4 e5 15. Nb3
Nd7 16. e4 dxe3 17. fxe3 e4 18. dxe4 Nce5 19. Nxe5 Nxe5 20. bxc5 bxc5 21. Bxe5
Bxe5 22. Nxc5 Qxc5 23. Qxb7 Qxa3 24. Kh1 Qxe3 25. Rce1 Qc5 26. Qd5 Qe7 27. Rb1
Rc7 28. Rb5 Re8 29. Rfb1 Kg7 30. Rb7 Rd8 31. Rxc7 Qxc7 32. Qb5 h5 33. Bf3 Qe7
34. Rd1 Rxd1+ 35. Bxd1 Qf6 36. Kg2 h4 37. c5 Bd4 38. c6 Be5 39. Bb3 hxg3 40.
hxg3 Qg5 41. Qd3 a5 42. Qf3 Qe7 43. Qd3 Qg5 44. Qf3 Qe7 1/2-1/2

[Event "XV C.to Mondiale Seniores Over 50"]
[Site "Acqui Terme ITA"]
[Date "2015.11.14"]
[Round "5"]
[White "Ivanov, Alexander"]
[Black "Mohr, Georg"]
[WhiteElo "2506"]
[BlackElo "2443"]
[Result "1/2-1/2"]
[PlyCount "62"]
[EventDate "2015.11.10"]

1. e4 c5 2. Nf3 Nc6 3. d4 cxd4 4. Nxd4 Nf6 5. Nc3 e5 6. Ndb5 d6 7. Bg5 a6 8.
Na3 b5 9. Bxf6 gxf6 10. Nd5 f5 11. c3 Bg7 12. Bd3 Be6 13. Qh5 O-O 14. O-O f4
15. Rfd1 Rb8 16. Nc2 Qd7 17. h3 h6 18. a3 Bxd5 19. exd5 Ne7 20. Nb4 a5 21. Nc6
Nxc6 22. Bf5 Qc7 23. dxc6 Qxc6 24. Qf3 Qxf3 25. gxf3 Rb6 26. Rd5 Rfb8 27. b4
Ra6 28. Rc1 axb4 29. axb4 Kf8 30. Bd3 Rab6 31. Ra1 Ke7 1/2-1/2

[Event "XV C.to Mondiale Seniores Over 50"]
[Site "Acqui Terme ITA"]
[Date "2015.11.14"]
[Round "5"]
[White "Kalegin, Evgenij"]
[Black "Frick, Christoph"]
[WhiteElo "2440"]
[BlackElo "2241"]
[Result "1/2-1/2"]
[PlyCount "74"]
[EventDate "2015.11.10"]

1. e4 c6 2. d4 d5 3. Nc3 dxe4 4. Nxe4 Nf6 5. Nxf6+ exf6 6. c3 Bd6 7. Bd3 O-O 8.
Qc2 Re8+ 9. Ne2 g6 10. h4 Be6 11. h5 f5 12. Kf1 Nd7 13. Nf4 Bxf4 14. Bxf4 c5
15. hxg6 fxg6 16. dxc5 Nxc5 17. Bb5 Rf8 18. Qe2 a6 19. Bc4 Re8 20. Rd1 Qxd1+
21. Qxd1 Bxc4+ 22. Kg1 Rad8 23. Qf3 Bxa2 24. Be3 Ne4 25. Kh2 Bd5 26. Qf4 Nf6
27. Bd4 Re4 28. Qg5 Ng4+ 29. Kg3 Rde8 30. f3 Re2 31. Rg1 Ne5 32. Qf6 f4+ 33.
Qxf4 Rf8 34. Qh6 Rf7 35. Qg5 Rf5 36. Qd8+ Kg7 37. Qxd5 Rg5+ 1/2-1/2

[Event "XV C.to Mondiale Seniores Over 50"]
[Site "Acqui Terme ITA"]
[Date "2015.11.14"]
[Round "5"]
[White "McKay, Roderick M"]
[Black "Rozentalis, Eduardas"]
[WhiteElo "2344"]
[BlackElo "2553"]
[Result "0-1"]
[PlyCount "106"]
[EventDate "2015.11.10"]

1. d4 Nf6 2. c4 e6 3. Nf3 Bb4+ 4. Bd2 a5 5. g3 O-O 6. Bg2 d6 7. O-O Bxd2 8.
Qxd2 Nbd7 9. Nc3 Qe7 10. e4 e5 11. Rfe1 c6 12. Rad1 Re8 13. h3 a4 14. Nh4 g6
15. Bf1 Nf8 16. d5 c5 17. Rb1 Kg7 18. b4 axb3 19. Rxb3 h6 20. Reb1 N6h7 21. Bg2
Ng5 22. Kh2 Nd7 23. Qd3 Nf6 24. Qf1 Rh8 25. Rb6 Nd7 26. R6b3 Ra6 27. Re1 Qd8
28. a3 Nf6 29. Nb5 Nh5 30. Ree3 Qf6 31. Nf3 Bd7 32. Nxg5 hxg5 33. Kg1 g4 34.
hxg4 Bxg4 35. Qe1 g5 36. Nc7 Ra7 37. Kf1 Qh6 38. Nb5 Ra4 39. Rec3 Bc8 40. Rb2
g4 41. Ke2 Qf6 42. Kd3 Qd8 43. Kc2 Nf6 44. Qe3 Rh2 45. Kb3 Ra5 46. f4 Bd7 47.
fxe5 Bxb5 48. Qg5+ Kf8 49. Rf2 Ba4+ 50. Ka2 dxe5 51. Rc1 Be8 52. Rc3 Qe7 53.
Rxf6 Ra6 0-1

[Event "XV C.to Mondiale Seniores Over 50"]
[Site "Acqui Terme ITA"]
[Date "2015.11.14"]
[Round "5"]
[White "Nikolic, Predrag"]
[Black "Roselli Mailhe, Bernardo"]
[WhiteElo "2603"]
[BlackElo "2409"]
[Result "1-0"]
[PlyCount "141"]
[EventDate "2015.11.10"]

1. Nf3 Nf6 2. c4 e6 3. g3 d5 4. Bg2 Be7 5. O-O O-O 6. d4 b6 7. cxd5 exd5 8. Nc3
Bb7 9. Bf4 a6 10. Rc1 Nbd7 11. Ne5 Bd6 12. Nd3 Qe7 13. Qb3 Bxf4 14. Nxf4 c6 15.
Rfe1 Ne4 16. Bh3 f5 17. Ncxd5 cxd5 18. Rc7 Nd6 19. e4 Kh8 20. e5 Rac8 21. Rxc8
Nxc8 22. Rc1 Nb8 23. Nxd5 Qd7 24. Bg2 Nc6 25. Qe3 Re8 26. Nf4 b5 27. Nd3 Ba8
28. d5 Na5 29. e6 Qe7 30. b3 Nb7 31. Ne5 Nbd6 32. Qc5 Bb7 33. f4 Kg8 34. h4 Ne4
35. Bxe4 Qxc5+ 36. Rxc5 fxe4 37. Nf7 e3 38. Kf1 Bxd5 39. Rxd5 Rxe6 40. Ne5 Nd6
41. Ke2 h5 42. Kxe3 Nf5+ 43. Kf3 Rd6 44. Rxd6 Nxd6 45. Nc6 Kf7 46. g4 hxg4+ 47.
Kxg4 Kf6 48. Kf3 Kg6 49. b4 Nc4 50. Ke4 Kh5 51. Ne5 Nb6 52. Nf3 Na4 53. Kd3 Kg4
54. Nd4 g6 55. f5 gxf5 56. h5 Kxh5 57. Nxf5 Kg5 58. Nd6 Kf6 59. Ne8+ Ke5 60.
Nc7 Nb2+ 61. Kc2 Nc4 62. Kc3 Ke4 63. Nxa6 Nd6 64. Nc7 Ke3 65. Nxb5 Nxb5+ 66.
Kc4 Nd6+ 67. Kd5 Nc8 68. Kc5 Kd3 69. b5 Kc3 70. a4 Ne7 71. a5 1-0

[Event "XV C.to Mondiale Seniores Over 50"]
[Site "Acqui Terme ITA"]
[Date "2015.11.14"]
[Round "5"]
[White "Sorm, Daniel"]
[Black "Izquierdo, Daniel"]
[WhiteElo "2353"]
[BlackElo "2161"]
[Result "0-1"]
[PlyCount "62"]
[EventDate "2015.11.10"]

1. d4 Nf6 2. c4 g6 3. Nc3 Bg7 4. e4 d6 5. Bg5 Nbd7 6. f3 c5 7. d5 a6 8. Nh3 O-O
9. Qd2 Ne5 10. Nf2 b5 11. cxb5 axb5 12. Bxb5 Ba6 13. Bxa6 Rxa6 14. O-O Qa5 15.
Rab1 Rb8 16. Nd3 Nc4 17. Qe1 Nd7 18. Qh4 Nxb2 19. Rxb2 Rxb2 20. Nxb2 Qxc3 21.
Nd1 Bd4+ 22. Kh1 Qd3 23. Re1 Rxa2 24. Bh6 Ra1 25. Ne3 Qb1 26. Nc2 Qxc2 27. Rxa1
Bxa1 28. h3 Nf6 29. Qe1 Bc3 30. Qf1 Qb2 31. Qa6 Qa1+ 0-1

[Event "XV C.to Mondiale Seniores Over 50"]
[Site "Acqui Terme ITA"]
[Date "2015.11.14"]
[Round "5"]
[White "Wiedenkeller, Michael"]
[Black "Barle, Janez"]
[WhiteElo "2454"]
[BlackElo "2333"]
[Result "1-0"]
[PlyCount "105"]
[EventDate "2015.11.10"]

1. c4 Nc6 2. g3 e5 3. Nc3 f5 4. Nf3 e4 5. Nh4 d6 6. d3 exd3 7. Qxd3 g6 8. Bg2
Bg7 9. Nf3 Nf6 10. O-O O-O 11. Bf4 Kh8 12. c5 dxc5 13. Qxd8 Rxd8 14. Bxc7 Rd7
15. Bf4 Nh5 16. Be3 Nd4 17. Rad1 Rb8 18. Bxd4 cxd4 19. Nb5 d3 20. exd3 b6 21.
d4 Ba6 22. a4 Rbd8 23. Rd2 Nf6 24. Rc2 Kg8 25. Ra1 Ne4 26. Bf1 g5 27. Bc4+ Kf8
28. d5 Bxb5 29. axb5 Rc8 30. Rac1 Rdc7 31. b3 h6 32. Re1 Nd6 33. Ne5 Bxe5 34.
Rxe5 Nxb5 35. Rxf5+ Kg7 36. Rd2 Nd6 37. Re5 b5 38. Be2 Rc3 39. Re6 Rd8 40. Ra2
Rd7 41. Ra6 Nf7 42. Bxb5 Rxd5 43. Bc4 Rd7 44. Rg6+ Kf8 45. Raf6 a5 46. Rxh6
Rxc4 47. bxc4 a4 48. Rhg6 a3 49. Ra6 Ne5 50. Rgf6+ Kg7 51. Rf5 Nxc4 52. Rxg5+
Kf7 53. Rc5 1-0

[Event "XV C.to Mondiale Seniores Over 50"]
[Site "Acqui Terme ITA"]
[Date "2015.11.15"]
[Round "6"]
[White "Arkell, Keith C"]
[Black "Izquierdo, Daniel"]
[WhiteElo "2499"]
[BlackElo "2161"]
[Result "1-0"]
[PlyCount "87"]
[EventDate "2015.11.10"]

1. Nf3 f5 2. d4 Nf6 3. c4 e6 4. Bg5 Be7 5. Nbd2 O-O 6. e3 d6 7. Bd3 Nc6 8. Qb1
Nb4 9. Be2 c5 10. a3 Nc6 11. b4 cxb4 12. axb4 a5 13. bxa5 e5 14. Nb3 h6 15.
Bxf6 Bxf6 16. O-O Qe7 17. Re1 g5 18. d5 e4 19. Nfd4 Nxd4 20. Nxd4 f4 21. Qd1 f3
22. gxf3 exf3 23. Bxf3 g4 24. Bg2 Be5 25. Ra2 Bd7 26. Rf1 Rf6 27. Ne6 Kh8 28.
Qxg4 Rg8 29. Qh3 Rgg6 30. f4 Bc3 31. Kh1 Rxe6 32. dxe6 Bxe6 33. f5 Bd7 34. Bd5
Rg7 35. Rg2 Qf6 36. Rxg7 Kxg7 37. e4 Bxa5 38. Qg3+ Kf8 39. Rg1 Bc3 40. Qg8+ Ke7
41. Qh7+ Kd8 42. Rg8+ Kc7 43. Be6 Qd4 44. Qxd7+ 1-0

[Event "XV C.to Mondiale Seniores Over 50"]
[Site "Acqui Terme ITA"]
[Date "2015.11.15"]
[Round "6"]
[White "Bagaturov, Giorgi"]
[Black "Wiedenkeller, Michael"]
[WhiteElo "2397"]
[BlackElo "2454"]
[Result "1-0"]
[PlyCount "73"]
[EventDate "2015.11.10"]

1. c4 Nf6 2. Nf3 e6 3. g3 d5 4. b3 c5 5. Bg2 Be7 6. O-O O-O 7. Bb2 b6 8. e3 Bb7
9. Qe2 Nc6 10. d3 dxc4 11. bxc4 a6 12. Nc3 Qc7 13. Ne1 Na7 14. g4 Bxg2 15. Nxg2
Nd7 16. f4 b5 17. Ne4 bxc4 18. dxc4 Rfe8 19. g5 Rab8 20. Bc3 Qc6 21. Qc2 Nc8
22. Rad1 Ncb6 23. Ba1 Rbd8 24. Nh4 Bf8 25. Rd2 Nb8 26. Rg2 Kh8 27. g6 f5 28.
Ng5 h6 29. Nf7+ Kg8 30. Qc3 Qe4 31. Nxh6+ Kh8 32. Nf7+ Kg8 33. Rg5 Rd7 34. Nh6+
Kh8 35. Rh5 e5 36. Nf7+ Kg8 37. Rh8# 1-0

[Event "XV C.to Mondiale Seniores Over 50"]
[Site "Acqui Terme ITA"]
[Date "2015.11.15"]
[Round "6"]
[White "Bellia, Fabrizio"]
[Black "Yasin, Hur"]
[WhiteElo "2452"]
[BlackElo "2092"]
[Result "1/2-1/2"]
[PlyCount "137"]
[EventDate "2015.11.10"]

1. e4 e6 2. d4 d5 3. Nd2 Nf6 4. e5 Nfd7 5. Bd3 c5 6. c3 Nc6 7. Ne2 cxd4 8. cxd4
f6 9. exf6 Qxf6 10. Nf3 h6 11. O-O Bd6 12. Ng3 O-O 13. Bc2 Rf7 14. Re1 Nf8 15.
Be3 Bd7 16. Rc1 Be8 17. a3 Rc7 18. Qd2 Rac8 19. Ba4 Ng6 20. h3 Nf4 21. Bxc6
bxc6 22. Ne5 Ng6 23. Nd3 e5 24. dxe5 Nxe5 25. Nc5 Bxc5 26. Bxc5 Nc4 27. Qc3
Qxc3 28. Rxc3 Nxb2 29. Bd6 Rf7 30. Rce3 Bd7 31. Re7 Rcf8 32. R7e2 Nd3 33. Rb1
Rd8 34. Rd2 Be8 35. Bb8 Nc5 36. Be5 Na4 37. Rbd1 Re7 38. f4 Bg6 39. h4 Nb6 40.
h5 Be8 41. Bd4 Nc4 42. Rf2 Bd7 43. f5 Ne3 44. f6 gxf6 45. Re1 Rde8 46. Rxf6 Ng4
47. Rg6+ Kh7 48. Rxe7+ Rxe7 49. Kf1 Ne5 50. Rf6 Nd3 51. Kg1 c5 52. Bc3 d4 53.
Bd2 Ne5 54. Rxh6+ Kg8 55. Rd6 Nc4 56. Rg6+ Kf7 57. Bg5 d3 58. Rf6+ Ke8 59. Nf1
Re5 60. Rg6 Kf7 61. Rf6+ Kg8 62. Rg6+ Kf7 63. Rf6+ Ke8 64. Rg6 Kf7 65. Rf6+ Kg8
66. Rg6+ Kf7 67. Rf6+ Ke8 68. Rg6 Kf7 69. Rf6+ 1/2-1/2

[Event "XV C.to Mondiale Seniores Over 50"]
[Site "Acqui Terme ITA"]
[Date "2015.11.15"]
[Round "6"]
[White "Bruno, Fabio"]
[Black "Ivanov, Alexander"]
[WhiteElo "2420"]
[BlackElo "2506"]
[Result "0-1"]
[PlyCount "79"]
[EventDate "2015.11.10"]

1. Nf3 g6 2. c4 Bg7 3. d4 d6 4. Nc3 c5 5. d5 Bxc3+ 6. bxc3 f5 7. g3 Qa5 8. Bd2
Nd7 9. Bg2 Ngf6 10. O-O Nb6 11. Be1 Nxc4 12. Nd2 Nb6 13. c4 Qa4 14. Qc1 O-O 15.
Rb1 e6 16. dxe6 Bxe6 17. Rb3 Qd7 18. Rc3 Rae8 19. Ra3 Nc8 20. Nf3 Ne7 21. Rxa7
Nc6 22. Ra3 Ne4 23. Nd2 Nd4 24. Re3 Nf6 25. Nb3 f4 26. gxf4 Nf5 27. Rc3 Nh4 28.
Bh1 Bh3 29. Qd2 Bxf1 30. Kxf1 b6 31. Qd3 Qe6 32. Rc2 Rf7 33. Nd2 Qg4 34. Ne4
Nxe4 35. Bxe4 Rxf4 36. Bd5+ Kf8 37. Rb2 Nf5 38. Rxb6 Ne3+ 39. Qxe3 Rxe3 40. Bd2
0-1

[Event "XV C.to Mondiale Seniores Over 50"]
[Site "Acqui Terme ITA"]
[Date "2015.11.15"]
[Round "6"]
[White "Frick, Christoph"]
[Black "Valette, Christian"]
[WhiteElo "2241"]
[BlackElo "2070"]
[Result "1-0"]
[PlyCount "75"]
[EventDate "2015.11.10"]

1. d4 Nf6 2. Bf4 b6 3. e3 Bb7 4. Nf3 e6 5. Nbd2 Be7 6. h3 O-O 7. Bd3 d5 8. O-O
Nbd7 9. Qe2 Ne4 10. Rad1 f5 11. Ne5 Nxe5 12. Bxe5 Bd6 13. Nf3 Ng5 14. Nxg5 Qxg5
15. f4 Qe7 16. Rf2 Bc6 17. Kh1 Bxe5 18. fxe5 Bd7 19. Rg1 Kh8 20. g3 c5 21. c3
a5 22. Rfg2 c4 23. Bb1 b5 24. Qd2 Rf7 25. g4 g6 26. gxf5 gxf5 27. Qf2 b4 28.
Qg3 Qf8 29. Qf4 bxc3 30. bxc3 Rb8 31. Bc2 Qe7 32. Bd1 Rff8 33. Qg3 Bc6 34. h4
f4 35. exf4 Bd7 36. Bc2 Qf7 37. Qg7+ Qxg7 38. Rxg7 1-0

[Event "XV C.to Mondiale Seniores Over 50"]
[Site "Acqui Terme ITA"]
[Date "2015.11.15"]
[Round "6"]
[White "Julia, Ernesto"]
[Black "Levrand, Roland"]
[WhiteElo "2356"]
[BlackElo "2168"]
[Result "1-0"]
[PlyCount "137"]
[EventDate "2015.11.10"]

1. Nf3 Nf6 2. c4 g6 3. b4 Bg7 4. Bb2 O-O 5. e3 c6 6. Nc3 a5 7. b5 d6 8. d4 Nbd7
9. Ba3 Re8 10. Be2 Nf8 11. Rc1 cxb5 12. Nxb5 b6 13. O-O Bb7 14. Nd2 Ne6 15. Bf3
Bxf3 16. Nxf3 Nc7 17. Rb1 Na6 18. Qb3 Nd7 19. Rfc1 Qb8 20. h3 Rd8 21. Ng5 Rf8
22. Nc3 Nc7 23. Na4 h6 24. Ne4 Ra6 25. Nec3 Qa8 26. Qd1 Qc6 27. Qe2 Rb8 28. Rb3
Bf8 29. Nb5 Rc8 30. Rbb1 Raa8 31. Qf3 Qxf3 32. gxf3 Na6 33. Kf1 Rab8 34. Ke2
Rb7 35. Kd3 Rcb8 36. f4 Nc7 37. Rc3 Nxb5 38. Rxb5 e6 39. Rcb3 Be7 40. e4 Kf8
41. e5 dxe5 42. Bxe7+ Kxe7 43. fxe5 Rd8 44. f4 Rc7 45. Nxb6 Nc5+ 46. Rxc5 Rxc5
47. Nd5+ Rcxd5 48. cxd5 Rxd5 49. h4 Rd7 50. a4 Ra7 51. Rb5 Kd7 52. Ke4 Kc6 53.
d5+ exd5+ 54. Rxd5 Rb7 55. Rxa5 Rb4+ 56. Kf3 h5 57. Ra7 Kd5 58. Rd7+ Ke6 59.
Rd6+ Ke7 60. a5 Ra4 61. a6 Ra3+ 62. Ke4 Ra4+ 63. Ke3 Ke8 64. Rb6 Kf8 65. Kd3
Kg7 66. Rf6 Ra1 67. Kc4 Rb1 68. Kc5 Ra1 69. Kb6 1-0

[Event "XV C.to Mondiale Seniores Over 50"]
[Site "Acqui Terme ITA"]
[Date "2015.11.15"]
[Round "6"]
[White "McKay, Roderick M"]
[Black "Garcia Palermo, Carlos"]
[WhiteElo "2344"]
[BlackElo "2446"]
[Result "1/2-1/2"]
[PlyCount "120"]
[EventDate "2015.11.10"]

1. f4 b6 2. e4 Bb7 3. d3 d5 4. e5 d4 5. Nf3 e6 6. c3 Nc6 7. Qa4 Qd7 8. Nxd4
Nxe5 9. Qxd7+ Nxd7 10. Nd2 Ngf6 11. N2f3 a6 12. Be2 Bd6 13. O-O O-O 14. g3 c5
15. Nc2 b5 16. Bd2 Rfd8 17. a4 b4 18. Ne3 a5 19. Nc4 Bc7 20. Rfd1 Nd5 21. Ne1
Rab8 22. d4 Ba6 23. Bf1 cxd4 24. cxd4 N7f6 25. Nf3 Ne4 26. Nfe5 Bxe5 27. fxe5
Bxc4 28. Bxc4 Nb6 29. Bd3 Nxd2 30. Rxd2 Rbc8 31. Bb5 g5 32. h4 h6 33. hxg5 hxg5
34. Rf1 Nc4 35. Bxc4 Rxc4 36. Rfd1 b3 37. Kf2 Rxa4 38. Ke3 Rc4 39. Rh1 a4 40.
Rh5 Kf8 41. Rxg5 a3 42. bxa3 Rcxd4 43. Rxd4 Rxd4 44. Rh5 Ra4 45. Rh8+ Kg7 46.
Rb8 Rxa3 47. Kf4 Kg6 48. Rg8+ Kh7 49. Rb8 Kg7 50. g4 Kg6 51. Rg8+ Kh7 52. Rb8
Kg7 53. Kg5 Ra5 54. Kf4 Ra4+ 55. Kf3 Kh6 56. Rh8+ Kg7 57. Rb8 Ra1 58. Rxb3 Rf1+
59. Ke4 Kg6 60. Rb8 Re1+ 1/2-1/2

[Event "XV C.to Mondiale Seniores Over 50"]
[Site "Acqui Terme ITA"]
[Date "2015.11.15"]
[Round "6"]
[White "Mohr, Georg"]
[Black "Baimurzin, Aitkazy"]
[WhiteElo "2443"]
[BlackElo "2120"]
[Result "1-0"]
[PlyCount "79"]
[EventDate "2015.11.10"]

1. d4 Nf6 2. Nf3 g6 3. g3 Bg7 4. Bg2 O-O 5. O-O d6 6. b3 c6 7. Bb2 b5 8. Nbd2
Nbd7 9. Re1 Qc7 10. c4 bxc4 11. Nxc4 Nb6 12. Nfd2 Nxc4 13. Nxc4 Ba6 14. Rc1
Rac8 15. Qd2 Rfd8 16. Na5 c5 17. Nc6 Rd7 18. Bc3 Qb6 19. Ba5 Qb5 20. d5 Qb7 21.
b4 Ng4 22. bxc5 dxc5 23. Nxe7+ Rxe7 24. d6 Qd7 25. dxe7 Qxe7 26. Rcd1 Ne5 27.
Qd6 Qxd6 28. Rxd6 Bc4 29. Red1 h5 30. Rd8+ Rxd8 31. Rxd8+ Kh7 32. Rc8 Bxe2 33.
Rxc5 a6 34. Bc3 Nf3+ 35. Bxf3 Bxf3 36. Bxg7 Kxg7 37. Kf1 Bg4 38. Ke1 Bd7 39.
Kd2 Ba4 40. Ra5 1-0

[Event "XV C.to Mondiale Seniores Over 50"]
[Site "Acqui Terme ITA"]
[Date "2015.11.15"]
[Round "6"]
[White "Roselli Mailhe, Bernardo"]
[Black "Karmov, Mazhmudin"]
[WhiteElo "2409"]
[BlackElo "2209"]
[Result "1/2-1/2"]
[PlyCount "70"]
[EventDate "2015.11.10"]

1. d4 Nf6 2. c4 c5 3. d5 e6 4. Nc3 exd5 5. cxd5 g6 6. Nf3 d6 7. Bf4 Bg7 8. h3
O-O 9. e3 Nh5 10. Bh2 f5 11. Be2 a6 12. a4 f4 13. O-O Qe7 14. Qd3 Nd7 15. Rae1
b5 16. exf4 Nxf4 17. Qd2 Bh6 18. Qc2 Ne5 19. Nxe5 Qxe5 20. Bg4 Bf5 21. Bxf5
Qxf5 22. Qxf5 Rxf5 23. axb5 axb5 24. Nxb5 Bf8 25. Re4 Rb8 26. Nc7 Nd3 27. g4
Rf7 28. Ne6 Rxb2 29. Bg3 Be7 30. Ra1 Nxf2 31. Ra8+ Bf8 32. Re1 Nxh3+ 33. Kh1
Nf2+ 34. Kg1 Nh3+ 35. Kh1 Nf2+ 1/2-1/2

[Event "XV C.to Mondiale Seniores Over 50"]
[Site "Acqui Terme ITA"]
[Date "2015.11.15"]
[Round "6"]
[White "Rozentalis, Eduardas"]
[Black "Nikolic, Predrag"]
[WhiteElo "2553"]
[BlackElo "2603"]
[Result "1/2-1/2"]
[PlyCount "22"]
[EventDate "2015.11.10"]

1. e4 e5 2. Nf3 Nc6 3. Bb5 a6 4. Bxc6 dxc6 5. O-O Be7 6. Nxe5 Qd4 7. Nf3 Qxe4
8. Re1 Qg6 9. Ne5 Qd6 10. d3 Be6 11. Nc3 Nf6 1/2-1/2

[Event "XV C.to Mondiale Seniores Over 50"]
[Site "Acqui Terme ITA"]
[Date "2015.11.15"]
[Round "6"]
[White "Vepkhvishvili, Varlam"]
[Black "Habibi, Ali"]
[WhiteElo "2106"]
[BlackElo "2255"]
[Result "1/2-1/2"]
[PlyCount "104"]
[EventDate "2015.11.10"]

1. d4 Nf6 2. c3 d6 3. Bf4 Nbd7 4. Nf3 g6 5. e3 Bg7 6. Be2 O-O 7. O-O Qe8 8. h3
e5 9. Bh2 Qe7 10. Nbd2 Ne8 11. a4 e4 12. Ne1 f5 13. Nc2 Kh8 14. b4 Ndf6 15. c4
a5 16. b5 b6 17. Nb3 Be6 18. Rc1 d5 19. c5 g5 20. Ne1 Bd7 21. Be5 g4 22. h4 Nh5
23. Bxg7+ Nexg7 24. g3 f4 25. exf4 e3 26. Rc3 exf2+ 27. Rxf2 Nf5 28. Ng2 Nhxg3
29. Nd2 h5 30. Kh2 Ne4 31. Nxe4 dxe4 32. Kg1 Rad8 33. Ne3 Nxe3 34. Rxe3 Bf5 35.
cxb6 cxb6 36. Bf1 Qf6 37. d5 Rd6 38. Bg2 Rfd8 39. Bxe4 Bxe4 40. Rxe4 Rxd5 41.
Qe2 Rd1+ 42. Kg2 Qxh4 43. Re8+ Rxe8 44. Qxe8+ Kg7 45. Qe5+ Kf7 46. Qf5+ Kg7 47.
Qe5+ Qf6 48. Qxh5 Qe6 49. Qe5+ Kf7 50. Qc7+ Rd7 51. Qc6 Rd6 52. Qc2 Qd5+
1/2-1/2

[Event "XV C.to Mondiale Seniores Over 50"]
[Site "Acqui Terme ITA"]
[Date "2015.11.15"]
[Round "6"]
[White "Wueest, Andrin"]
[Black "Kalegin, Evgenij"]
[WhiteElo "2225"]
[BlackElo "2440"]
[Result "0-1"]
[PlyCount "85"]
[EventDate "2015.11.10"]

1. Nf3 Nf6 2. c4 g6 3. Nc3 Bg7 4. e4 d6 5. d4 O-O 6. Be2 e5 7. O-O exd4 8. Nxd4
Re8 9. f3 c6 10. Kh1 Nh5 11. Nc2 Qh4 12. Qe1 Qxe1 13. Rxe1 f5 14. Be3 Na6 15.
Rad1 Be5 16. Bd4 f4 17. Rd2 Be6 18. Red1 Nf6 19. b4 Nd7 20. Bxe5 Nxe5 21. b5
Nc5 22. bxc6 bxc6 23. Rxd6 Rab8 24. Ne1 Rb6 25. R6d4 Ra6 26. Nc2 Rb6 27. Ne1
Kg7 28. g3 g5 29. gxf4 gxf4 30. Ng2 Ng6 31. e5 Rf8 32. Ne4 Nxe4 33. Rxe4 Rb2
34. h4 Bf5 35. Bd3 Bxe4 36. Bxe4 Nxe5 37. Rd6 Rf6 38. Rd8 Rxa2 39. Re8 Nxc4 40.
h5 Nd6 41. Re7+ Kf8 42. Re5 Re2 43. Rd5 0-1

[Event "XV C.to Mondiale Seniores Over 50"]
[Site "Acqui Terme ITA"]
[Date "2015.11.17"]
[Round "7"]
[White "Contin, Daniel"]
[Black "Bruno, Fabio"]
[WhiteElo "2248"]
[BlackElo "2420"]
[Result "0-1"]
[PlyCount "120"]
[EventDate "2015.11.10"]

1. c4 e6 2. Nc3 c5 3. Nf3 Nf6 4. g3 Nc6 5. Bg2 d6 6. O-O a6 7. b3 Be7 8. d4
cxd4 9. Nxd4 Bd7 10. Bb2 O-O 11. Rc1 Rc8 12. e3 Qb6 13. Qe2 Rfd8 14. Rfd1 Be8
15. Na4 Qc7 16. Nc2 b6 17. Nc3 Qb8 18. e4 Nd7 19. Ne3 Bf6 20. Ng4 Be7 21. f4
Nf6 22. Nd5 exd5 23. exd5 Nxg4 24. Qxg4 Ne5 25. fxe5 dxe5 26. Re1 Bd6 27. Qe4
f6 28. Bh3 Rc7 29. Bf5 g6 30. Be6+ Bf7 31. Qf3 Bxe6 32. Qxf6 Re7 33. Bxe5 Bxe5
34. Qxe7 Bd4+ 35. Kg2 Bf5 36. g4 Bc5 37. Qg5 Bd7 38. Re4 Rf8 39. Rf1 Rxf1 40.
Kxf1 b5 41. Kg2 bxc4 42. Rxc4 Bd6 43. h4 Qe8 44. Kf3 Bb5 45. Re4 Qf7+ 46. Rf4
Bxf4 47. Qxf4 Qxd5+ 48. Kg3 Qd3+ 49. Kh2 Qe2+ 50. Kg3 Qe1+ 51. Qf2 Qxf2+ 52.
Kxf2 Kf7 53. Ke3 Ke6 54. a4 Bf1 55. Kf4 h6 56. g5 h5 57. Ke4 Be2 58. b4 Kd6 59.
Kd4 Bd1 60. b5 a5 0-1

[Event "XV C.to Mondiale Seniores Over 50"]
[Site "Acqui Terme ITA"]
[Date "2015.11.17"]
[Round "7"]
[White "Contini, Davide"]
[Black "Soylu, Suat"]
[WhiteElo "2119"]
[BlackElo "2377"]
[Result "0-1"]
[PlyCount "66"]
[EventDate "2015.11.10"]

1. d4 Nf6 2. Nf3 c5 3. d5 g6 4. g3 Bg7 5. Bg2 O-O 6. O-O d6 7. Nfd2 Na6 8. e4
Nc7 9. a4 e6 10. c4 Rb8 11. Na3 a6 12. a5 Re8 13. Nc2 Nd7 14. Ne3 Ne5 15. Qc2
exd5 16. cxd5 Nb5 17. Ndc4 Nxc4 18. Nxc4 f5 19. Nb6 Nd4 20. Qc4 fxe4 21. Nxc8
Qxc8 22. Ra3 Qf5 23. h4 Rbd8 24. Kh2 Qg4 25. Bg5 e3 26. Rc3 e2 27. Re1 Rb8 28.
f3 Qf5 29. Qd3 Qxd5 30. Be3 Nxf3+ 31. Bxf3 Qxf3 32. Qc4+ d5 33. Qg4 Qxg4 0-1

[Event "XV C.to Mondiale Seniores Over 50"]
[Site "Acqui Terme ITA"]
[Date "2015.11.17"]
[Round "7"]
[White "Garcia Palermo, Carlos"]
[Black "Julia, Ernesto"]
[WhiteElo "2446"]
[BlackElo "2356"]
[Result "1-0"]
[PlyCount "173"]
[EventDate "2015.11.10"]

1. d4 Nf6 2. Nf3 g6 3. g3 Bg7 4. Bg2 O-O 5. O-O d6 6. a4 Na6 7. Nc3 c5 8. a5
Rb8 9. e4 Bg4 10. h3 Bxf3 11. Bxf3 Nd7 12. Be3 Nb4 13. d5 Na6 14. Be2 Nc7 15.
Ra2 a6 16. Qd2 b5 17. axb6 Rxb6 18. Nd1 Re8 19. f4 e6 20. dxe6 Rxe6 21. Nf2 Re8
22. c3 Qe7 23. Bc4 Nf6 24. e5 dxe5 25. fxe5 Qxe5 26. Bf4 Qe7 27. Raa1 Ne6 28.
Rxa6 Rxa6 29. Bxa6 Rd8 30. Qe2 Nh5 31. Bc4 Nhxf4 32. gxf4 Re8 33. Nd3 Qh4 34.
Qg4 Qe7 35. f5 gxf5 36. Rxf5 Kh8 37. Kf1 Rg8 38. Qh5 Rf8 39. Qe2 Qh4 40. Qg4
Qe7 41. Qe4 Qd8 42. Bxe6 fxe6 43. Rxf8+ Bxf8 44. Ke2 Qf6 45. Nf4 e5 46. Nd5 Qe6
47. Nf4 Qf6 48. Nd3 Bd6 49. Qg4 Qe7 50. Qc8+ Kg7 51. Nf2 Qf7 52. Qg4+ Kf8 53.
Ne4 Be7 54. Nd2 Qf6 55. Nc4 h6 56. Qe4 Qa6 57. Kd3 Qa1 58. Qf3+ Kg7 59. Nxe5
Qa6+ 60. Kc2 Qe6 61. Ng4 Qg6+ 62. Qd3 Qxd3+ 63. Kxd3 Kg6 64. Ke4 Kg5 65. Ne5 h5
66. Nf3+ Kf6 67. b3 Bd6 68. Ne1 Be5 69. Nd3 Bxc3 70. Nxc5 Kg5 71. Kf3 Kh4 72.
Kg2 Bb4 73. Nd3 Bd6 74. b4 Kg5 75. b5 Bc7 76. Kf3 Kf5 77. Nc5 h4 78. Nd3 Bb6
79. Nb2 Ke6 80. Nc4 Bg1 81. Ke4 Bh2 82. b6 Bg3 83. Ne3 Kd7 84. Kd5 Bf2 85. Nc4
Bg1 86. Ne5+ Ke7 87. b7 1-0